000 00667nam a22002297a 4500
001 87674
003 UA-OsUOA
005 20230912151921.0
007 ta
008 20120920b un ||||| |||| 00| 0 ukr d
040 _aUA-OsUOA
_brus
_cUA-OsUOA
_dUA-OsUOA
041 _arus
080 _a27(091)
090 _a27(091)
_bД67
100 _aДонини А.
245 _aУ истоков христианства: от зарождения до Юстиниана
260 _aМ.
_bПолитиздат
_c1979
300 _a341 с.
650 7 _a27 Загальна історія Християнської церкви
_2UDC
942 _cBK
_2udc
955 _a2
999 _c373622
_d373622